Racionalizácia automatizovaného systému riadenia priemyselného podniku prostredníctvom riešenia vybraných problémov zabezpečujúcich podsystémov kandidátska dizertačná práca

Saved in:
Bibliographic Details
Main Author: Martinský, Marián
Corporate Author: Vysoká škola ekonomická v Bratislave. Fakulta riadenia
Other Authors: Rabenseifer, Alfonz
Format: Book
Language:Slovak
Published: Bratislava 1982
Tags: Add Tag
No Tags, Be the first to tag this record!

MARC

LEADER 00000nam a2200000 4500
001 c114715
005 20230116084048.6
041 0 |a slo 
044 |a SK 
245 1 0 |a Racionalizácia automatizovaného systému riadenia priemyselného podniku prostredníctvom riešenia vybraných problémov zabezpečujúcich podsystémov  |b kandidátska dizertačná práca  |c Marián Martinský ; Ved. Alfonz Rabenseifer 
264 1 |a Bratislava  |c 1982 
300 |a 145 s. 
100 1 |a Martinský, Marián 
700 1 |a Rabenseifer, Alfonz 
710 2 |a Vysoká škola ekonomická v Bratislave. Fakulta riadenia